QUICK C

Salvato in:
Dettagli Bibliografici
Autore principale: Bielecki, Jan
Natura: Libro
Lingua:polacco
Pubblicazione: Warszawa Wyd. Komunikacji i Lacznósci 1990
Edizione:1. wyd.
Tags: Aggiungi Tag
Nessun Tag, puoi essere il primo ad aggiungerne!!

MARC

LEADER 00000nam a2200000 4500
001 c030051
005 20221215130328.8
041 0 |a pol 
044 |a PL 
245 1 0 |a QUICK C  |c Jan Bielecki 
250 |a 1. wyd. 
264 1 |a Warszawa  |b Wyd. Komunikacji i Lacznósci  |c 1990 
300 |a 271 s. 
100 1 |a Bielecki, Jan